Swat (Record no. 16174)

000 -LEADER
fixed length control field 00500nam a22001457a 4500
003 - CONTROL NUMBER IDENTIFIER
control field OSt
040 ## - CATALOGING SOURCE
Original cataloging agency 1
082 ## - DEWEY DECIMAL CLASSIFICATION NUMBER
Classification number 954.9122
Author Mark AZI 2010
100 ## - MAIN ENTRY--PERSONAL NAME
Relator code Aziz, Khalid
245 ## - TITLE STATEMENT
Title Swat
Remainder of title The Main Causes of the Breakdwon og Governance and rise of militancy
Statement of responsibility, etc. Khalid Aziz
260 ## - PUBLICATION, DISTRIBUTION, ETC.
Place of publication, distribution, etc. Peshawar
Name of publisher, distributor, etc. RIPORT
Date of publication, distribution, etc. 2010
300 ## - PHYSICAL DESCRIPTION
Extent 124 p
651 ## - SUBJECT ADDED ENTRY--GEOGRAPHIC NAME
Geographic name Methodology, Demography and brief history, Communication, The Poverty trap,Land ownership & Militancy, Governance, A Model of the crisis, Swat
942 ## - ADDED ENTRY ELEMENTS (KOHA)
Source of classification or shelving scheme
Koha item type Book
Holdings
Withdrawn status Lost status Damaged status Not for loan Collection code Permanent Location Current Location Shelving location Date acquired Total Checkouts Full call number Barcode Date last seen Price effective from Koha item type
          Centre for International Peace & Stability (CIPS) Centre for International Peace & Stability (CIPS) General Stacks 07/09/2015   954.9122 AZI 2010 CIPS0002602 07/09/2015 07/09/2015 Book
© 2023 Central Library, National University of Sciences and Technology. All Rights Reserved.